000
00291nam a22001097a 4500
082
_a
530 COM'E
100
_a
ENERCON
_9
79497
245
_a
COMBUSTION ANALYZERS AND COMBUSTION CONTROL SYS TEMS ,A SELECTION GUIDE
260
_a
ISLAMABAD
_b
ENERCON
_c
1988
300
_a
20P
942
_c
BK
999
_c
584536
_d
584536